Lun yu zhu : 10 juan /
Saved in:
| Main Author: | |
|---|---|
| Other Authors: | |
| Format: | Book |
| Language: | Chinese |
| Published: |
Taibei,
Min guo 55 [1966]
|
| Subjects: | |
| Tags: |
Add Tag
No Tags, Be the first to tag this record!
|
| LEADER | 01104cam a2200289ui 4500 | ||
|---|---|---|---|
| 001 | 007724661-6 | ||
| 005 | 20024617112705.0 | ||
| 008 | 980302r1966uuuuch 000 0 chi d | ||
| 035 | 0 | |a ocm38533438 | |
| 040 | |a *YNH* |c *YNH* |d CStRLIN | ||
| 100 | 1 | |6 880-01 |a Zheng, Xuan, |d 127-200. | |
| 245 | 1 | 0 | |6 880-02 |a Lun yu zhu : |b 10 juan / |c Zheng Xuan zhuan ; Yuan Jun ji. |
| 260 | |6 880-03 |a Taibei, |c Min guo 55 [1966] | ||
| 300 | |a 1 v. ; |c 19 cm. | ||
| 500 | |6 880-04 |a (In Yan Lingfeng bian ji Wu qiu bei zhai Lun yu ji cheng v. 289) | ||
| 500 | |6 880-05 |a Facsimile reproduction of Zheng shi yi shu ben, juan 17 zhi 1-10. | ||
| 600 | 0 | 0 | |6 880-06 |a Confucius. |t Lun yu. |
| 700 | 1 | |6 880-07 |a Yuan, Jun. | |
| 880 | 1 | |6 100-01 |a 鄭玄, |d 127-200. | |
| 880 | 1 | 0 | |6 245-02 |a 論語注 : |b 10卷 / |c 鄭玄撰 ; 袁鈞輯. |
| 880 | |6 260-03 |a 台北, |c 民國55 [1966] | ||
| 880 | |6 500-04 |a (In 嚴靈峯編輯 無求備齋論語集成 v. 289) | ||
| 880 | |6 500-05 |a Facsimile reproduction of 鄭氏佚書本, 卷17之1-10. | ||
| 880 | 0 | 0 | |6 600-06 |a Confucius. |t 論語. |
| 880 | 1 | |6 700-07 |a 袁鈞. | |
| 988 | |a 20021121 | ||
| 906 | |0 MH | ||


